00726 a2200301 45000030003000000050017000030080041000200200018000610370012000790370011000910370011001020370011001130400019001241000019001431000007001622450056001692600012002252600011002372600009002483000010002573000013002674400019002805000039002996300036003386500016003746500014003907000020004040020170928130631.0170928b xxu||||| |||| 00| 0 eng d a2 10 004945 3 b3, UREF a03/437 a04/533 a04/534 aBUACbFrecBUC aWeinman, Serge lFr aBiochimie : bstructure et fonction des protéines aParis : bDunod, c2000 a245 p c ; 27 cm a(Sciences Sup) aBibliogr. (241242) Index (243-246) a SCIENCES EXACTES ET NATURELLES a Biologie- aBiochimie aMéhul, Pierre